مكتبة جامعة عجلون الوطنية

فهرس بحث المكتبة

المحاسبة القضائية وصلتها بالجرائم المالية (Record no. 31414)

MARC details
000 -LEADER
fixed length control field 00735nam a2200205Ii 4500
003 - CONTROL NUMBER IDENTIFIER
control field JO-AjNU
008 - FIXED-LENGTH DATA ELEMENTS--GENERAL INFORMATION
fixed length control field 230605s9999||||xx |||||||||||||| ||und||
017 ## - COPYRIGHT OR LEGAL DEPOSIT NUMBER
Copyright or legal deposit number 2018/7/3133
020 ## - INTERNATIONAL STANDARD BOOK NUMBER
International Standard Book Number 978-9957-955-79-3
040 ## - CATALOGING SOURCE
Original cataloging agency JO-AjNU
Language of cataloging ara
Description conventions rda
Transcribing agency JO-AjNU
041 ## - LANGUAGE CODE
Language code of text/sound track or separate title ara
100 3# - MAIN ENTRY--PERSONAL NAME
Personal name جميل، رافي نزار,
Relator term author
9 (RLIN) 61588
245 00 - TITLE STATEMENT
Title المحاسبة القضائية وصلتها بالجرائم المالية
264 31 - PRODUCTION, PUBLICATION, DISTRIBUTION, MANUFACTURE, AND COPYRIGHT NOTICE
Place of production, publication, distribution, manufacture عمان: دار الايام للنشر والتوزيع، 2019
300 ## - PHYSICAL DESCRIPTION
Extent 148ص
336 ## - CONTENT TYPE
Content type term text
Content type code txt
Source rdacontent
337 ## - MEDIA TYPE
Media type term unmediated
Media type code n
Source rdamedia
338 ## - CARRIER TYPE
Carrier type term volume
Carrier type code nc
Source rdacarrier
650 #4 - SUBJECT ADDED ENTRY--TOPICAL TERM
Topical term or geographic name entry element المحاسبة المالية-القضاء-الجرائم المالية
9 (RLIN) 61589
Holdings
Withdrawn status Lost status Source of classification or shelving scheme Damaged status Not for loan Home library Current library Shelving location Date acquired Total Checkouts Barcode Date last seen Price effective from Koha item type
    Library of Congress Classification     مكتبة جامعة عجلون الوطنية مكتبة جامعة عجلون الوطنية المجموعات العامة 06/06/2023   A27846 06/06/2023 06/06/2023 Books